Plantas útiles de la cuenca del Orinoco / (Registro nro. 4917)

Detalles MARC
000 -CABECERA
Campo de control 01108cam a2200265 a 4500
005 - FECHA Y HORA DE LA ULTIMA TRANSACCION
Campo de control 20150109020002.0
008 - ELEMENTOS DE LONGITUD FIJA—INFORMACION GENERAL
Campo de control 050714s2005 ck afobgr 00110bspa d
020 ## - ISBN
ISBN 9583379085
040 ## - FUENTE DE CATALOGACIÓN
Agencia catalogadora original la
Agencia transcriptora la
041 0# - IDIOMA
Código de idioma para texto/pista de sonido o título separado Español
044 ## - PAÍS DE PUBLICACIÓN
País de publicación Colombia
082 04 - NUMERO DE CLASIFICACION DECIMAL DEWEY
Número de clasificación 581.61
Número del ítem A17p
100 1# - ASIENTO PRINCIPAL--NOMBRE PERSONAL
Nombre personal Acero Duarte, Luis Enrique,
Fechas asociadas con el nombre 1952-
245 10 - MENCION DE TITULO
Título Plantas útiles de la cuenca del Orinoco /
Mención de responsabilidad Luis Enrique Acero Duarte ; fotografía Alberto Figueroa Fernández.
260 ## - PUBLICACION, DISTRIBUCION, ETC. (PIE DE IMPRENTA)
Lugar de publicación, distribución, etc. Bogotá :
Nombre del editor, distribuidor, etc. BP Exploration Company (Colombia) Limited, Ecopetrol, Corporinoquia,
Fecha de publicación, distribución, etc. 2005.
300 ## - DESCRIPCION FISICA
Extensión 605 p. :
Otros detalles físicos il., fot., mapa ;
Dimensiones 25 cm.
500 ## - NOTA GENERAL
Nota general Incluye índice : de nombres vernaculares, de nombres científicos, de familias, fenológico y de usos.
504 ## - NOTA DE BIBLIOGRAFIA, ETC.
Nota de bibliografía Incluye bibliografía y glosario.
650 #6 - ASIENTO SECUNDARIO DE MATERIA - TERMINO TEMATICO
Término temático o nombre geográfico como elemento de entrada Plantas útiles
Subdivisión geográfica Orinoquía (Región, Colombia)
650 #6 - ASIENTO SECUNDARIO DE MATERIA - TERMINO TEMATICO
Término temático o nombre geográfico como elemento de entrada Botánica económica.
650 #6 - ASIENTO SECUNDARIO DE MATERIA - TERMINO TEMATICO
Término temático o nombre geográfico como elemento de entrada Herbarios
Subdivisión geográfica Orinoquía (Región, Colombia)
650 ## - ASIENTO SECUNDARIO DE MATERIA - TERMINO TEMATICO
Término temático o nombre geográfico como elemento de entrada Flora
Subdivisión geográfica Orinoquía (Región, Colombia)
700 12 - ASIENTO SECUNDARIO - NOMBRE PERSONAL
Nombre personal Figueroa Fernández, Alberto.,
Término de relación fot.
942 ## - ELEMENTOS ADICIONALES (KOHA)
Sistema de clasificación Dewey Decimal Classification
Tipo de ítem Libro
Koha issues (borrowed), all copies 1
Existencias
Withdrawn status Lost status Sistema de Clasificación Damaged status No para préstamo Colección Ubicación Permanente Ubicación actual Fecha de adquisición Total Checkouts Total Renewals Número topográfico Inventario / Código de Barras Date last seen Date checked out Ejemplar Price effective from Forma de adquisición Tipo de material
    Dewey Decimal Classification     General Bogotá Bogotá 02/12/2005 5 3 LB-581.61 A17p 022497 29/12/2020 04/02/2020 Ej. 1 04/12/2012 Compra Libro